Quizzes
Events
Quiz Creation
Community
Videos
Private Events
Remove Ads
Sign In
Join for FREE
Feedback
Dark Mode
Quiz Categories
Sports
Geography
Music
Movies
Television
Just For Fun
Miscellaneous
History
Literature
Language
Science
Gaming
Entertainment
Religion
Holiday
For Kids
Quiz Lab
Recent
Popular Today
Quiz Kudos Today
Editor Picks
Curator Picks
Quizzes by...
Day
Popularity
Type
Ratings
Length
Year
Community
Subscriptions
Recent Discussions
Orange Saloon
Badges
Playlists
Quests
Create
Leaderboards
Showdown
Live 5
Trivia Bingo
Activity
Puzzle Library
Sporcle Events
Private Events
Virtual Trivia
Globe League
Become a Host
Pub Owners
SporcleCon
Opinionation
Our Games
Videos
Blog
Mobile Apps
Partnerships
Remove Ads and Go Orange
Feedback
Sports
Athletes
MLB
NBA
NHL
NFL
Soccer
Sports Teams
WWE
NCAA
Football
Premier League
Basketball
Baseball
Hockey
Golf
Tennis
Cricket
Rugby
Auto Racing
Olympics
World Cup
Sports
Athletes
MLB
NBA
NHL
NFL
Soccer
Sports Teams
WWE
NCAA
Football
Premier League
Basketball
Baseball
Hockey
Golf
Tennis
Cricket
Rugby
Auto Racing
Olympics
World Cup
Random Quiz
Search Sporcle
×
Quiz Lab
Quiz Lab
Sports
Illustrated
Type in answers that appear in a list
Type in answers that appear in a list
Classic
Best Score? Go Orange.
Sports on the Sport's Illustrated Cover Stats
Can you name the sports which have appeared on the cover of Sport's Illustrated?
By
Dobbins
8m
52 Questions
579 Plays
579 Plays
579 Plays
Comments
Comments
Give Quiz Kudos
Give Quiz Kudos
-
- Ratings
hide this ad
More Info
Replay
Link that replays current quiz
Next Quiz
Link to next quiz in quiz playlist
You Got
0%
They Got
Avg Score
42%
Avg Friend Score
Upgrade to see
Score Distribution
Jump to the score distribution portion of the page
Score
0/52
Timer
08:00
0
Plays Today
No. of Times
Sport
% Correct
779
Football
99.5%
548
Baseball
99.3%
523
Basketball
99%
88
Hockey
96.2%
15
Soccer
91.2%
95
Track and Field
86.5%
84
Tennis
86.4%
27
Swimming
86.2%
163
Golf
85.1%
46
Auto Racing
72.7%
57
Horse Racing
72.2%
133
Boxing
67.7%
43
Alpine Skiing
67.4%
1
Jet Skiing
67%
2
Wrestling
62.3%
12
Figure Skating
57.5%
12
Cycling
53%
6
Gymnastics
51.5%
12
Speed Skating
51.3%
3
Sky Diving
48.9%
8
Diving
47.2%
1
Martial Arts
43%
2
Snowboarding
41.8%
1
Flying
40.1%
1
White Water Rafting
39.4%
2
Softball
38%
No. of Times
Sport
% Correct
2
Bowling
36.4%
13
Fishing
31.8%
2
Archery
31.8%
5
Surfing
29.5%
11
Hunting
28.3%
1
Weightlifting
26.9%
2
Crew
26.6%
2
Chess
24.9%
1
Fencing
24.5%
1
Bobsledding
21.6%
1
Fighting (UFC)
20.9%
23
Boating
20.6%
1
Ski Jumping
19.7%
4
Equestrian
19.3%
5
Mountain Climbing
18.5%
1
Cheerleading
13.5%
6
Dog Show
11.7%
3
Motorcycling
11.7%
1
Waterskiing
9.2%
1
Rodeo
9.2%
1
Bullfighting
7.6%
4
Bridge (yes, the card game)
7.1%
1
Bodybuilding
5.5%
2
Hot Air Ballooning
4.7%
1
Pentathalon
4.7%
1
Aerobics
1.9%
Quiz Playlist
Details
Report
Send in Message
Add To Playlist
More Info:
includes regular weekly issues only. No swimsuit issues included, no special issues. Do not enter a League, MLB will not work. Enter baseball.
Classic:
Type in answers that appear in a list
Last Updated: Feb 16, 2017
Quiz Scoreboard
CHALLENGE
Sign Up to Join the Scoreboard
Show All
Scores
Hide
Comments
May contain spoilers
Recently Published
9x9 Crossword: Cartoon Network
by jackfrog10
Miscellaneous
3m
College Basketball Coaching Resumes
by pancakes188
Sports
9m
Billboard Blitz: Fleetwood Mac
by CooCooCachoo
Music
15s
More to Explore
Quiz From the Vault
Featured Blog Post
Where Did the Easter Bunny Come From?
hide this ad
You Might Also Like...
Tags
Cover
Illustrated
Today's Top Quizzes in Sports
Browse Sports
hide this ad
Today's Top Quizzes in Illustrated
Browse Illustrated
Top Contributed Quizzes in Sports
1
2022 World Cup Stars
2
Les meilleurs buteurs des matchs entre le PSG et l’OM
3
FIFA Club World Cup Champions
4
Les entraîneurs de l'OM et du PSG au 21e siècle
5
Criteria MLB: Left Handed Sluggers
6
AFC Teams Reveal (Wrong Answers Minefield)
7
2023 MLB Unique Player Accomplishments
8
5-to-1: FBS Animal Nicknames
9
Players with Multiple 50 Home Run Seasons
10
5-to-1: UK Sports Teams
Explore More
Trending Topics
Kpop
NBA
Crossword
Disney
Marvel
Anime
Harry Potter
The Office
Soccer
Puzzle
NFL
WWE
Pokémon
Song
Country
hide this ad
More By:
Dobbins
Quiz
Plays
Rating
Category
Featured
Created
Largest State Population by Year 1900-2010
10,367
4.17
Geography
Apr 28, 2010
Largest State Population by Year 1790-1900
2,538
4.18
Geography
Apr 28, 2010
Name US cities in order they reach 1 mil
1,820
3.61
Geography
Apr 29, 2010
World cities that have been destroyed
1,552
3.48
History
Mar 11, 2011
so nice they named it twice
1,529
3.36
Miscellaneous
Aug 7, 2010
Go to Creator's Profile
Score Distribution
Quiz Creator Spotlight
Dobbins
Follow
Send a Message
Quizzes Created
-
Created Quiz Play Count
-
More By This Creator
Popular Quizzes Today
1
Find the US States - No Outlines Minefield
2
Find the Countries of Europe - No Outlines Minefield
3
The Countries of the World
4
Find the US States
5
Risky Map Clicking: Biggest States A-Z
6
US States
7
Popular People in 1961
8
Movies - When Are They Set?
More Sports Quizzes
New York Rangers: 20 Goal Seasons
Quiz Lab
Trending Quizzes
Risky Map Clicking: Least Populous States A-Z
1-10 Letter G Words
1-10 Letter F Words
Risky Map Clicking: Next State Alphabetically
Adjectives in 80s TV Shows
Recently Updated
Leaping Animals
pecheneg
Reality TV Shows (A-Z)
bhenderson79
Rickey Henderson's Hall of Fame Teammates
pecheneg
Champions League XIs: Arsenal
pecheneg
Quick Pick: Celebrities in WWE's Hall of Fame
aduchscher
A-Z Keypad Blitz II
pecheneg
Multiple Oscar Actors
pecheneg
Mystery Phrase Blitz: Oscar 'Best Actors'
pecheneg
F. Scott Fitzgerald Novels
LTH
Pick 3 Villains
ddd62291
Trending Topics
NBA
Harry Potter
Marvel
Kpop
Crossword
Disney
Anime
The Office
Song
Puzzle
NFL
Pokémon
WWE
Country
Soccer
Your Account Isn't Verified!
In order to create a playlist on Sporcle, you need to verify the email address you used during registration. Go to your
Sporcle Settings
to finish the process.
Report this User
Report this user for behavior that violates our
Community Guidelines
.
Details:
Send Report
Go to the Sporcle.com Mobile Site →
Comments